|
|
|
|
| LEADER |
01366nam a22002777a 4500 |
| 001 |
37874 |
| 003 |
BD-DhAAL |
| 008 |
220228t2005 bg 000 1 ben d |
| 999 |
|
|
|c 43617
|d 43617
|
| 040 |
|
|
|a BD-DhAAL
|
| 041 |
|
|
|a ben
|
| 042 |
|
|
|a lcode
|
| 082 |
|
|
|a 370.95492
|2 23
|
| 245 |
1 |
0 |
|a আগুনের পরশমণি :
|b শিক্ষা সমাজ ও উন্নয়ন বিষয়ক প্রবন্ধ সংকলন /
|c শফি আহমেদ, রাশেদা কে. চৌধূরী, তপন কুমার দাশ সম্পাদিত
|
| 260 |
|
|
|a ঢাকা :
|b গণসাক্ষরতা অভিযান,
|c ২০০৫
|
| 300 |
|
|
|a ৩৯৮ পৃষ্ঠা ;
|c ২২ সে.মি.
|
| 526 |
|
|
|a BIED
|
| 541 |
|
|
|a Complimentary copy from BIED
|e 37874
|
| 546 |
|
|
|a In Bengali.
|
| 650 |
|
|
|a Education
|z Bangladesh.
|9 46235
|
| 700 |
|
|
|a আহমেদ, শফি
|9 46236
|
| 700 |
|
|
|a চৌধূরী, রাশেদা কে.
|9 46237
|
| 700 |
|
|
|a দাশ, তপন কুমার
|9 46238
|
| 852 |
|
|
|a Ayesha Abed Library
|c BIED Collection
|
| 942 |
|
|
|2 ddc
|c BK
|
| 952 |
|
|
|0 0
|1 0
|2 ddc
|4 0
|6 370_954920000000000_AGU
|7 0
|9 69937
|a BRACUL
|b BRACUL
|c GEN
|d 2022-02-28
|e Complimentary copy from BIED
|l 1
|o 370.95492 AGU
|p 3010037874
|r 2024-06-26
|s 2024-06-26
|t 1
|w 2022-02-28
|y BK
|x Transferred from BIED to General Stacks
|